000 00688nam a2200205Ia 4500
003 GCL
008 140319s9999 xx 000 0 ara d
040 _aGCL /
_cGCL
082 0 4 _a812.009
_bث م
100 1 _aثريا العسيلى
245 1 0 _aالمسرح الشعرى عند صلاح عبد الصبور /
_cثريا العسيلى
260 _aالقاهرة :
_bالهيئة المصرية العامة للكتاب ،
_c1990
300 _a442 ص
490 _aدراسات ادبية
_v0
650 0 4 _aالادب العربى
650 0 4 _aصلاح عبدالصبور
650 0 4 _aتاريخ ونقد
650 0 4 _aالمسرحيات العربية
942 _2ddc
_cBK
999 _c33410
_d33410